[Event "CUB-ch"]
[Site "Las Tunas"]
[Date "2001.04.04"]
[Round "4"]
[White "Gongora Reyes, Maikel"]
[Black "Delgado Ramirez, Neuris"]
[Result "1/2-1/2"]
[WhiteElo "2417"]
[BlackElo "2481"]
[Annotator "Tyomkin,D"]
[PlyCount "101"]
[EventDate "2001.04.01"]
[EventType "tourn"]
[EventRounds "16"]
[EventCountry "CUB"]
[EventCategory "9"]
[SourceTitle "CBM 083"]
[Source "ChessBase"]
[SourceDate "2001.07.05"]
[SourceVersion "1"]
[SourceVersionDate "2001.07.05"]
[SourceQuality "1"]

1. e4 c5 2. Nf3 d6 3. d4 cxd4 4. Nxd4 Nf6 5. Nc3 a6 6. Bg5 e6 7. f4 Be7 8. Qf3
Qc7 9. O-O-O Nbd7 10. Qg3 {According modern theory, this move doesn't promise
white an advantage.} (10. g4 {-main line;}) 10... h6 11. Bh4 g5 12. fxg5 Nh5 (
12... hxg5 $2 13. Bxg5 b5 14. Bxb5 $5 axb5 15. Ndxb5 Qb8 16. Nxd6+ Bxd6 17.
Rxd6 Rg8 18. h4 $16 {1-0 Agnos,D-Minasian,A/Linares 1998/CBM 62 ext (30)}) (
12... Rg8 {Boensch,U} 13. Nf3 $146 (13. Be2 Ne5 14. Nf3 Nxf3 15. Qxf3 hxg5 16.
Bg3 Bd7 17. Qd3 Bc6 18. Rhf1 {1/2 Sokolowski,S-Kimpinsky,F Capelle la Grande
op (3) 1991}) 13... Nh5 14. Qe1 (14. Qh3 $6 hxg5 15. Bf2 Nf4 $15) 14... hxg5
15. Bf2 b5 16. a3 Bb7 17. Kb1 (17. h4 $5) 17... Rc8 18. Bd3 Nf4 19. g3 Nh3 $1 {
0-1 Timman,J-Van Wely,L/Wijk aan Zee 1996/CBM 51/[Boensch,U] (57) Auf Kosten
des vorläufig abseits stehenden N wird der K-Flügel blockiert.} (19... Nxd3 20.
cxd3 Ne5 21. Nd4 $10)) 13. Qe1 $146 {13.Qe3 is counted better;} (13. Qe3 {King}
Qc5 {An extremely common theme in the Najdorf: Black exploits the pin on the
bishop on h4 to regain the g5 pawn.} 14. Qd2 Bxg5 {1/2-1/2 Short,N-Georgiev,K/
Elenite 1995/CBM 50/[King] (26) Black simplifies.} (14... hxg5 {King} 15. Bf2
Qc7 {would have been a gamble for Black: he has lost a lot of time, but by not
exchanging bishops, the pawn on d6 has better protection. Black would like to
play ...Ne5 and ...Bd7 and castle on the queenside, but whether the king}))
13... hxg5 14. Bf2 Ne5 $11 15. Nf3 Bd7 16. h4 (16. Nxe5 dxe5 $15 {Black has
full control over the centre.}) 16... Nxf3 (16... Nf4 $6 17. Nxe5 dxe5 18. g3
Ng6 19. h5 {[%csl Rg6] and knight g6 has no good place;}) 17. gxf3 Nf4 18. Qe3
Rc8 19. Rg1 b5 $5 {Interesting pawn sacrifice, which promises black good
compensation; There was a way for black to keep position stable by:} (19... f6
20. hxg5 fxg5 21. e5 $140 Nd5 {[%csl Rc2]} (21... d5 $5)) 20. hxg5 e5 {[%cal
Rb5b4]} 21. Rd2 Be6 22. a3 Rg8 $2 {Strange decision. Rh5 was clearly better in
view of forthcoming capture on g5- there will be no pin over g-file after Rh5;
As well as, black probably has missed following reply of white;} (22... Rh5
$142 23. Kb1 (23. Ne2 $140 Bxg5) 23... Qb8 $1 {[%cal Gh5g5] preventing Nxb5
blow after forthcoming Rxg5;} (23... Rxg5 24. Bxb5+ $1 axb5 25. Rxg5 Bxg5 26.
Nxb5 Qb8 27. Nxd6+ $16 {[%cal Gd6c8] reaching material advantage;}) ({or} 23...
Qc6 $5 {with same ideas like 23...Qb8;})) 23. Ne2 $1 $16 {And black has no
time to capture on g5 because of above mentioned pin on g-file;} Qc4 $2 {
Nice try to save the game, but white could get winning position by calculation
next line properly:} (23... Bxg5 24. Nxf4 exf4 25. Qd4 $16 {[%csl Rg5,Rg8]}) (
23... d5 24. Nxf4 exf4 25. Qd4 $16) (23... Rxg5 24. Nxf4 $16) 24. Nc3 $2 (24.
Nxf4 Qa2 25. c3 {[%cal Gf1d3,Yd3b1]} exf4 26. Qxf4 $18 b4 $1 (26... Bb3 $140
27. Bd3 Qa1+ 28. Bb1 Rxg5 (28... Ba2 29. Kc2 $18 Rxg5 $140 30. Bxa2 {[%csl Rf7]
}) 29. Rxg5 Bxg5 30. Qxg5 Ba2 31. Kd1 $1 Qxb1+ 32. Ke2 Bc4+ 33. Ke3 $18) 27.
axb4 Qa1+ 28. Kc2 Qa4+ 29. Kd3 Bc4+ 30. Ke3 Bxf1 31. Qf5 $1 {[%cal Yf5c8,Yg1f1]
This move was probably missed by both players, but also there was 31.g6;} (31.
g6 $5) 31... Qc6 32. Rxf1 Rxg5 33. Qh3 $18) 24... Qc7 25. Bg3 $2 {Again was
possible to get above mentioned line by:} (25. Ne2 $1) 25... Rxg5 {Now black
is safe;} 26. Bxf4 exf4 27. Qf2 Qc5 $1 {Moving the game to the equal endgame;}
28. Rxg5 Qxf2 29. Rxf2 (29. Rg8+ $143 Kd7 30. Rxf2 Rxg8 $11) 29... Bxg5 30. a4
Bf6 {The easiest way to reach the draw;} 31. axb5 Bxc3 32. bxc3 axb5 33. Bxb5+
Ke7 $11 {Despite of a pawn up for white, white can not create a passed pawn in
this endging, and the game is drawn;} 34. Kd2 Rg8 35. Rh2 Rg3 36. Be2 Bh3 $1 {
[%csl Gh2][%cal Yh3g2] This move has two ideas: to attack f3-pawn by Bg2, and
also to trap white rook on h2;} 37. Ke1 {[%cal Ge1f2,Yf2f3]} f5 {Trading more
pawns;} 38. exf5 Kf6 39. c4 Kxf5 40. c3 Ke5 41. Kf2 Kf6 42. Bd3 Ke5 43. Be4 Kf6
44. Ke2 Ke5 {Black can transpose the game to the bishops' ending, which is
also draw, but it is not necessary at all- black is enough strong to keep the
balance, staying with the rooks;} (44... Rg2+ 45. Rxg2 Bxg2 46. Kd3 {[%cal
Gd3c2,Gb3b4,Gc2b3,Yc4c5,Rd3d4]} Ke5 {Otherwise white plays Kd4 and c4-c5 then;}
47. Bd5 $1 (47. Kc2 Kf6 $1 {Black has to create a counterplay by moving the
king to f-pawn, and luckely it leads to the drawing queens' ending.} 48. Kb3
Kg5 49. Kb4 Kh4 50. Kb5 Kg3 51. Kc6 Bxf3 52. Bxf3 Kxf3 53. Kxd6 Ke4 54. c5 f3
55. c6 f2 56. c7 f1=Q 57. c8=Q Qf6+ $1 $11) 47... Bh1 $1 {and like in previous
line;}) 45. Bd5 Bf5 {Again black could reach a draw, moving the game to the
bishops' ending;} (45... Rg2+ 46. Rxg2 Bxg2 47. Kd3 Bh1 $1 $11) 46. Kd2 Rg1 $1
{[%csl Gd2] After this move white is not able to transfer the king to the
queenside;} 47. Re2+ Kf6 48. Re1 Rg2+ 49. Re2 Rg1 50. Re1 Rg2+ 51. Re2 1/2-1/2

[Event "CUB-ch"]
[Site "Las Tunas"]
[Date "2001.04.05"]
[Round "5"]
[White "Delgado Ramirez, Neuris"]
[Black "Vazquez Igarza, Renier"]
[Result "0-1"]
[WhiteElo "2481"]
[BlackElo "2393"]
[PlyCount "122"]
[EventDate "2001.04.01"]
[EventType "tourn"]
[EventRounds "16"]
[EventCountry "CUB"]
[EventCategory "9"]
[SourceTitle "CBM 083"]
[Source "ChessBase"]
[SourceDate "2001.07.05"]
[SourceVersion "1"]
[SourceVersionDate "2001.07.05"]
[SourceQuality "1"]

1. e4 c5 2. Nf3 e6 3. Nc3 a6 4. d4 cxd4 5. Nxd4 Qc7 6. Bd3 Nc6 7. Be3 Nf6 8.
O-O Nxd4 9. Bxd4 Bc5 10. Bxc5 Qxc5 11. Qe2 d6 12. Kh1 e5 13. f4 Bg4 14. Qe1 Be6
15. Nd5 Nxd5 16. exd5 Qxd5 17. f5 Bd7 18. Be4 Qc5 19. Qg3 Rg8 20. Rad1 Bc6 21.
Bxc6+ Qxc6 22. f6 Kf8 23. Qd3 gxf6 24. Qxd6+ Qxd6 25. Rxd6 Rg6 26. Rdxf6 Rxf6
27. Rxf6 Rd8 28. Kg1 Rd2 29. Rf2 Rd6 30. Re2 f6 31. Kf2 Ke7 32. g4 Ke6 33. Kf3
Rd1 34. h3 Rf1+ 35. Rf2 Rg1 36. Rd2 h5 37. Rd3 hxg4+ 38. hxg4 Rf1+ 39. Kg3 Rb1
40. Rb3 b5 41. Kf3 Kf7 42. Rb4 Kg6 43. c3 Ra1 44. a3 Rf1+ 45. Kg3 Kg5 46. a4
Rd1 47. axb5 Rd3+ 48. Kg2 axb5 49. Rxb5 Kxg4 50. Rb4+ Kg5 51. c4 Kf4 52. c5+ e4
53. Rc4 Rd2+ 54. Kh3 Kf3 55. c6 Rd8 56. Kh2 e3 57. b4 e2 58. Rc1 Kf2 59. Kh3
e1=Q 60. Rxe1 Kxe1 61. b5 Rc8 0-1

[Event "CUB-ch"]
[Site "Las Tunas"]
[Date "2001.04.06"]
[Round "6"]
[White "Garcia Martinez, Silvino"]
[Black "Delgado Ramirez, Neuris"]
[Result "0-1"]
[WhiteElo "2378"]
[BlackElo "2481"]
[PlyCount "80"]
[EventDate "2001.04.01"]
[EventType "tourn"]
[EventRounds "16"]
[EventCountry "CUB"]
[EventCategory "9"]
[SourceTitle "CBM 083"]
[Source "ChessBase"]
[SourceDate "2001.07.05"]
[SourceVersion "1"]
[SourceVersionDate "2001.07.05"]
[SourceQuality "1"]

1. e4 c5 2. Nf3 d6 3. d4 cxd4 4. Nxd4 Nf6 5. Nc3 a6 6. Be3 e5 7. Nb3 Be7 8. f3
Be6 9. Qd2 O-O 10. O-O-O b5 11. Nd5 Nxd5 12. exd5 Bf5 13. Kb1 Bf6 14. Bd3 Bxd3
15. Qxd3 Nd7 16. c4 bxc4 17. Qxc4 Bg5 18. Bf2 f5 19. h4 Bh6 20. g3 Nf6 21. Qc6
Qe7 22. Rhe1 Rfc8 23. Qb6 Qd7 24. Be3 Bxe3 25. Qxe3 a5 26. f4 a4 27. Nc1 Qb7
28. Qa3 Nxd5 29. Ne2 Nb4 30. Nc3 e4 31. Rxd6 Nd3 32. Rd1 Rc4 33. Ka1 Rac8 34.
h5 h6 35. Re6 Qf7 36. Rg6 Nxb2 37. Qxb2 Rxc3 38. Rd8+ Rxd8 39. Qxc3 Rd1+ 40.
Kb2 Qb7+ 0-1

[Event "CUB-ch"]
[Site "Las Tunas"]
[Date "2001.04.07"]
[Round "7"]
[White "Delgado Ramirez, Neuris"]
[Black "Dominguez Perez, Leinier"]
[Result "1/2-1/2"]
[WhiteElo "2481"]
[BlackElo "2556"]
[PlyCount "92"]
[EventDate "2001.04.01"]
[EventType "tourn"]
[EventRounds "16"]
[EventCountry "CUB"]
[EventCategory "9"]
[SourceTitle "CBM 083"]
[Source "ChessBase"]
[SourceDate "2001.07.05"]
[SourceVersion "1"]
[SourceVersionDate "2001.07.05"]
[SourceQuality "1"]

1. e4 c5 2. Nf3 d6 3. Bb5+ Bd7 4. Qe2 Nc6 5. c3 a6 6. Ba4 g6 7. O-O Bg7 8. d3
Nf6 9. h3 O-O 10. Bb3 e5 11. Bg5 h6 12. Be3 Kh7 13. Rd1 Qe7 14. Nbd2 Rad8 15.
Nc4 Be6 16. Nb6 Qc7 17. Nd5 Bxd5 18. Bxd5 Nxd5 19. exd5 Ne7 20. c4 f5 21. Rab1
b5 22. b4 bxc4 23. dxc4 e4 24. Nh2 Rb8 25. bxc5 Rxb1 26. Rxb1 dxc5 27. f4 exf3
28. Nxf3 Nc8 29. Qd3 Nd6 30. Bf4 Re8 31. Re1 Rxe1+ 32. Nxe1 Qd7 33. Nf3 Ne4 34.
Qb1 Nc3 35. Qe1 Qa4 36. Be5 Ne4 37. Bxg7 Kxg7 38. Qa1+ Kh7 39. Qe5 Qxc4 40. Kh2
Qd3 41. Qc7+ Kg8 42. Qd8+ Kg7 43. Qe7+ Kg8 44. Qe8+ Kg7 45. Qe7+ Kg8 46. Qe8+
Kg7 1/2-1/2

[Event "CUB-ch"]
[Site "Las Tunas"]
[Date "2001.04.09"]
[Round "9"]
[White "Delgado Ramirez, Neuris"]
[Black "Gonzalez Vidal, Yuri"]
[Result "1/2-1/2"]
[WhiteElo "2481"]
[BlackElo "2426"]
[PlyCount "101"]
[EventDate "2001.04.01"]
[EventType "tourn"]
[EventRounds "16"]
[EventCountry "CUB"]
[EventCategory "9"]
[SourceTitle "CBM 083"]
[Source "ChessBase"]
[SourceDate "2001.07.05"]
[SourceVersion "1"]
[SourceVersionDate "2001.07.05"]
[SourceQuality "1"]

1. e4 c6 2. d4 d5 3. e5 Bf5 4. Ne2 e6 5. Ng3 Bg6 6. h4 h6 7. h5 Bh7 8. Bd3 Bxd3
9. cxd3 Nd7 10. O-O c5 11. Qg4 cxd4 12. Qxd4 Ne7 13. Qf4 Nc6 14. d4 Qg5 15. Rd1
Qxf4 16. Bxf4 Be7 17. Nc3 Nb6 18. Rac1 Kd7 19. Nge2 Rhc8 20. Nb1 Nc4 21. b3 Na3
22. Nxa3 Bxa3 23. Rc3 Rc7 24. Rg3 Bf8 25. Bd2 Rac8 26. a3 Ke8 27. Kf1 Nb8 28.
Rc1 Rxc1+ 29. Bxc1 Rc2 30. Ke1 Nc6 31. Rd3 Ra2 32. b4 Rc2 33. Kd1 Rc4 34. Bd2
a6 35. Rc3 Na7 36. Rxc4 dxc4 37. Nc3 Nc6 38. Be3 a5 39. b5 Ne7 40. g4 Nc8 41.
Nb1 Nb6 42. Kc2 Nd5 43. Bd2 b6 44. Bc1 Nc7 45. Nc3 Kd7 46. f4 g6 47. f5 g5 48.
f6 Nd5 49. Nxd5 exd5 50. a4 Ke6 51. Bd2 1/2-1/2

[Event "CUB-ch"]
[Site "Las Tunas"]
[Date "2001.04.11"]
[Round "10"]
[White "Bruzon Batista, Lazaro"]
[Black "Delgado Ramirez, Neuris"]
[Result "1/2-1/2"]
[WhiteElo "2584"]
[BlackElo "2481"]
[PlyCount "103"]
[EventDate "2001.04.01"]
[EventType "tourn"]
[EventRounds "16"]
[EventCountry "CUB"]
[EventCategory "9"]
[SourceTitle "CBM 083"]
[Source "ChessBase"]
[SourceDate "2001.07.05"]
[SourceVersion "1"]
[SourceVersionDate "2001.07.05"]
[SourceQuality "1"]

1. c4 Nf6 2. Nc3 c5 3. g3 d5 4. cxd5 Nxd5 5. Bg2 Nc7 6. Qb3 Nc6 7. Bxc6+ bxc6
8. Nf3 Ne6 9. d3 g6 10. O-O Bg7 11. Be3 O-O 12. Qa3 Nd4 13. Qxc5 Nxf3+ 14. exf3
Qxd3 15. Rfd1 Qf5 16. Qxc6 Be6 17. g4 Qa5 18. Bd4 Bxd4 19. Rxd4 Rab8 20. Qa4
Qe5 21. Rd2 h5 22. Re2 Qf6 23. Qe4 Rfc8 24. h3 Rc4 25. Qe3 hxg4 26. fxg4 Bxg4
27. Qg3 Rbb4 28. Nd5 Qf3 29. Nxe7+ Kh7 30. Qxf3 Bxf3 31. Re3 Bb7 32. Re2 Rc5
33. Kh2 Rd4 34. Rae1 Rc7 35. a3 Kg7 36. b4 Rd3 37. b5 Rxa3 38. Re5 Rc2 39. R1e2
Rxe2 40. Rxe2 Rb3 41. Re5 Rc3 42. f4 Rc2+ 43. Kg3 f6 44. Re3 Kf7 45. f5 g5 46.
Kg4 Rc4+ 47. Kg3 Rc2 48. Kg4 Rc4+ 49. Kg3 Rc2 50. Kg4 Rc4+ 51. Kg3 Rc2 52. Kg4
1/2-1/2

[Event "CUB-ch"]
[Site "Las Tunas"]
[Date "2001.04.13"]
[Round "11"]
[White "Delgado Ramirez, Neuris"]
[Black "Abreu Delgado, Aryam"]
[Result "0-1"]
[WhiteElo "2481"]
[BlackElo "2480"]
[PlyCount "168"]
[EventDate "2001.04.01"]
[EventType "tourn"]
[EventRounds "16"]
[EventCountry "CUB"]
[EventCategory "9"]
[SourceTitle "CBM 083"]
[Source "ChessBase"]
[SourceDate "2001.07.05"]
[SourceVersion "1"]
[SourceVersionDate "2001.07.05"]
[SourceQuality "1"]

1. e4 c5 2. Nf3 d6 3. c3 Nf6 4. Bd3 Bg4 5. Bc2 Nc6 6. d3 e6 7. Nbd2 d5 8. Qe2
Be7 9. h3 Bh5 10. Nf1 dxe4 11. dxe4 Qc7 12. Ng3 Bg6 13. h4 Nh5 14. Nf1 h6 15.
g3 O-O-O 16. Be3 Nf6 17. N3d2 Nd4 18. Bxd4 cxd4 19. c4 Qa5 20. Bd3 Nd7 21. h5
Bh7 22. f4 Nc5 23. a3 Na4 24. b4 Qc7 25. e5 Nc3 26. Qf3 Bxd3 27. Qxd3 f6 28.
Nf3 fxe5 29. Nxe5 Bf6 30. Ng4 e5 31. fxe5 Bxe5 32. Kd2 Bxg3 33. Nxg3 Qxg3 34.
Qxg3 Ne4+ 35. Kd3 Nxg3 36. Rh3 Nf5 37. Rf3 Ne3 38. Nxe3 dxe3+ 39. Kc3 e2 40.
Re1 Rhe8 41. Kc2 Re4 42. c5 Re5 43. Rf2 Rde8 44. Kd2 Rxh5 45. Rexe2 Rxe2+ 46.
Kxe2 Re5+ 47. Kd3 h5 48. Rf8+ Kd7 49. Rb8 Kc7 50. Rh8 Kc6 51. Rc8+ Kd7 52. Rb8
Kc7 53. Rh8 Rg5 54. Kc4 b6 55. a4 bxc5 56. bxc5 a6 57. Kd4 g6 58. Kc4 Kc6 59.
Rc8+ Kd7 60. Rh8 Rg1 61. Kd5 Rg5+ 62. Kc4 Ke6 63. Re8+ Kd7 64. Rh8 Rg2 65. Kd5
Rd2+ 66. Ke5 Rf2 67. Rg8 Rf5+ 68. Kd4 h4 69. Rg7+ Kd8 70. Rxg6 Rh5 71. Rg2 h3
72. Rh2 Kc7 73. Kc4 Kc6 74. Kb4 Rh8 75. Kc4 Rh4+ 76. Kd3 Kxc5 77. Ke3 Kb4 78.
Kf2 Kxa4 79. Kg1 Kb3 80. Rf2 h2+ 81. Kh1 a5 82. Rf3+ Kb4 83. Rf8 a4 84. Rb8+
Kc3 0-1

[Event "CUB-ch"]
[Site "Las Tunas"]
[Date "2001.04.14"]
[Round "12"]
[White "Almeida Quintana, Omar"]
[Black "Delgado Ramirez, Neuris"]
[Result "0-1"]
[WhiteElo "2426"]
[BlackElo "2481"]
[PlyCount "54"]
[EventDate "2001.04.01"]
[EventType "tourn"]
[EventRounds "16"]
[EventCountry "CUB"]
[EventCategory "9"]
[SourceTitle "CBM 083"]
[Source "ChessBase"]
[SourceDate "2001.07.05"]
[SourceVersion "1"]
[SourceVersionDate "2001.07.05"]
[SourceQuality "1"]

1. d4 Nf6 2. c4 e6 3. Nf3 b6 4. a3 Ba6 5. Qc2 Bb7 6. Nc3 c5 7. e4 cxd4 8. Nxd4
Nc6 9. Nxc6 Bxc6 10. Be2 Qb8 11. f4 d6 12. Be3 Be7 13. O-O-O a6 14. g4 b5 15.
g5 Nd7 16. cxb5 axb5 17. Nd5 Qb7 18. Bf3 Bxd5 19. Kb1 Rc8 20. Qg2 Bb3 21. Rd2
b4 22. e5 d5 23. f5 bxa3 24. g6 fxg6 25. fxg6 Nxe5 26. Bxd5 Bxd5 27. Rxd5 O-O
0-1

[Event "CUB-ch"]
[Site "Las Tunas"]
[Date "2001.04.16"]
[Round "14"]
[White "Delgado Ramirez, Neuris"]
[Black "Vera Gonzalez Quevedo, Reynaldo"]
[Result "1/2-1/2"]
[WhiteElo "2481"]
[BlackElo "2534"]
[PlyCount "41"]
[EventDate "2001.04.01"]
[EventType "tourn"]
[EventRounds "16"]
[EventCountry "CUB"]
[EventCategory "9"]
[SourceTitle "CBM 083"]
[Source "ChessBase"]
[SourceDate "2001.07.05"]
[SourceVersion "1"]
[SourceVersionDate "2001.07.05"]
[SourceQuality "1"]

1. e4 c5 2. Nf3 d6 3. Bc4 Nf6 4. d3 Nc6 5. c3 g6 6. Bb3 Bg7 7. O-O O-O 8. h3 e5
9. Be3 h6 10. Re1 Nh5 11. Nbd2 Be6 12. Nf1 Bxb3 13. Qxb3 Qd7 14. Rad1 Rae8 15.
d4 cxd4 16. cxd4 exd4 17. Bxd4 Nxd4 18. Nxd4 Re5 19. Nf3 Re6 20. Nd4 Re5 21.
Nf3 1/2-1/2

[Event "CUB-ch"]
[Site "Las Tunas"]
[Date "2001.04.16"]
[Round "15"]
[White "Quesada, Roberto Jr"]
[Black "Delgado Ramirez, Neuris"]
[Result "1-0"]
[WhiteElo "2244"]
[BlackElo "2481"]
[PlyCount "67"]
[EventDate "2001.04.01"]
[EventType "tourn"]
[EventRounds "16"]
[EventCountry "CUB"]
[EventCategory "9"]
[SourceTitle "CBM 083"]
[Source "ChessBase"]
[SourceDate "2001.07.05"]
[SourceVersion "1"]
[SourceVersionDate "2001.07.05"]
[SourceQuality "1"]

1. Nf3 c5 2. g3 g6 3. Bg2 Bg7 4. O-O Nc6 5. d3 Nf6 6. e4 O-O 7. Nc3 d5 8. h3 d4
9. Ne2 b5 10. a4 bxa4 11. Nd2 e5 12. Rxa4 Nd7 13. f4 Nb6 14. Ra1 exf4 15. gxf4
Bd7 16. Ng3 Rc8 17. Kh2 a5 18. e5 a4 19. Nde4 Ne7 20. c4 dxc3 21. bxc3 Nbd5 22.
c4 Nb4 23. Be3 Qa5 24. Nd6 Rc7 25. d4 cxd4 26. Bxd4 Rb8 27. Qd2 a3 28. Bc3 Qa4
29. Rfb1 Na6 30. Rxb8+ Nxb8 31. Bb4 Nbc6 32. Bxa3 Qb3 33. Nb5 Rb7 34. Bxe7 1-0

[Event "CUB-ch"]
[Site "Las Tunas"]
[Date "2001.04.17"]
[Round "16"]
[White "Delgado Ramirez, Neuris"]
[Black "Leyva Proenza, Ricardo"]
[Result "1-0"]
[WhiteElo "2481"]
[BlackElo "2400"]
[PlyCount "37"]
[EventDate "2001.04.01"]
[EventType "tourn"]
[EventRounds "16"]
[EventCountry "CUB"]
[EventCategory "9"]
[SourceTitle "CBM 083"]
[Source "ChessBase"]
[SourceDate "2001.07.05"]
[SourceVersion "1"]
[SourceVersionDate "2001.07.05"]
[SourceQuality "1"]

1. e4 c5 2. Nf3 e6 3. b3 b6 4. d4 cxd4 5. Nxd4 Bb7 6. Bd3 Bc5 7. Nf3 Ne7 8. Bb2
O-O 9. O-O Nbc6 10. c4 Ng6 11. Nc3 Nd4 12. Na4 Nxf3+ 13. Qxf3 Bd6 14. Qg4 f5
15. exf5 exf5 16. Bxf5 Rxf5 17. Qxf5 Bxg2 18. f3 Qb8 19. Qxd7 1-0

[Event "CUB-ch+"]
[Site "Las Tunas"]
[Date "2001.04.08"]
[Round "8"]
[White "Garcia Carey, Osmel"]
[Black "Delgado Ramirez, Neuris"]
[Result "1/2-1/2"]
[WhiteElo "2300"]
[BlackElo "2481"]
[PlyCount "70"]
[EventDate "2001.04.03"]
[EventType "tourn"]
[EventRounds "16"]
[EventCountry "CUB"]
[EventCategory "9"]
[SourceTitle "CBM 083"]
[Source "ChessBase"]
[SourceDate "2001.07.05"]
[SourceVersion "1"]
[SourceVersionDate "2001.07.05"]
[SourceQuality "1"]

1. e4 c5 2. Nf3 d6 3. c3 Nf6 4. h3 g6 5. Bd3 Bg7 6. Bc2 O-O 7. d4 cxd4 8. cxd4
d5 9. e5 Ne4 10. Nbd2 Nxd2 11. Bxd2 Nc6 12. O-O Be6 13. Be3 f6 14. exf6 exf6
15. Re1 Qd7 16. Ba4 Qf7 17. Qd2 Bd7 18. Bb3 b6 19. Bh6 Bxh6 20. Qxh6 Na5 21.
Qf4 Nc4 22. Bxc4 dxc4 23. Qd6 Rfe8 24. d5 Bf5 25. Nd4 Red8 26. Qc6 Rac8 27.
Nxf5 gxf5 28. Qe6 Qxe6 29. dxe6 Rc7 30. Rac1 b5 31. b3 Re8 32. bxc4 bxc4 33.
Rc3 Kf8 34. g4 fxg4 35. hxg4 Rc6 1/2-1/2

[Event "Capablanca Memorial Elite 36th"]
[Site "Havana"]
[Date "2001.05.05"]
[Round "1"]
[White "Hauchard, Arnaud"]
[Black "Delgado Ramirez, Neuris"]
[Result "1-0"]
[WhiteElo "2526"]
[BlackElo "2481"]
[PlyCount "77"]
[EventDate "2001.05.05"]
[EventType "tourn"]
[EventRounds "12"]
[EventCountry "CUB"]
[EventCategory "13"]
[SourceTitle "CBM 084"]
[Source "ChessBase"]
[SourceDate "2001.09.13"]
[SourceVersion "1"]
[SourceVersionDate "2001.09.13"]
[SourceQuality "1"]

1. c4 Nf6 2. Nc3 c5 3. g3 d5 4. cxd5 Nxd5 5. Bg2 Nc7 6. Qa4+ Bd7 7. Qb3 Nc6 8.
Qxb7 Nd4 9. Qe4 e6 10. Qb1 Rb8 11. e3 Bc6 12. Ne4 f5 13. exd4 Bxe4 14. Bxe4
fxe4 15. Qxe4 Qxd4 16. Qxd4 cxd4 17. Nf3 d3 18. Ne5 Rd8 19. b3 Bc5 20. Bb2 O-O
21. f4 Nb5 22. Rc1 Bb6 23. Rf1 Nd4 24. Bxd4 Rxd4 25. Rc4 Rd5 26. Rc3 Rd4 27.
Kd1 g5 28. Nxd3 Rfd8 29. Kc2 gxf4 30. Rxf4 R4d6 31. b4 a5 32. a3 a4 33. Rg4+
Kh8 34. Re4 Bd4 35. Rc4 Bg1 36. Rc3 Bd4 37. Rc7 Bb6 38. Rb7 Rxd3 39. Rxb6 1-0

[Event "Capablanca Memorial Elite 36th"]
[Site "Havana"]
[Date "2001.05.06"]
[Round "2"]
[White "Delgado Ramirez, Neuris"]
[Black "Dominguez Perez, Leinier"]
[Result "1/2-1/2"]
[WhiteElo "2481"]
[BlackElo "2556"]
[PlyCount "44"]
[EventDate "2001.05.05"]
[EventType "tourn"]
[EventRounds "12"]
[EventCountry "CUB"]
[EventCategory "13"]
[SourceTitle "CBM 084"]
[Source "ChessBase"]
[SourceDate "2001.09.13"]
[SourceVersion "1"]
[SourceVersionDate "2001.09.13"]
[SourceQuality "1"]

1. e4 c5 2. Nf3 d6 3. Bb5+ Bd7 4. Bxd7+ Qxd7 5. O-O Nf6 6. e5 dxe5 7. Nxe5 Qd6
8. Nc4 Qd7 9. Ne5 Qd6 10. Qe2 Nbd7 11. Nc4 Qc6 12. Nc3 e6 13. d3 Be7 14. Bg5
O-O 15. Ne4 Rfe8 16. Nxf6+ Bxf6 17. Bxf6 Nxf6 18. Rfe1 Rad8 19. Rad1 h6 20. h3
Rd4 21. Ne5 Qb6 22. c3 Rd5 1/2-1/2